MALAYALA KAVITHA PATANANGAL (MALAYALAM) (Record no. 134607)

MARC details
000 -LEADER
fixed length control field 00654nam a22002177a 4500
003 - CONTROL NUMBER IDENTIFIER
control field OSt
005 - DATE AND TIME OF LATEST TRANSACTION
control field 20220903072921.0
008 - FIXED-LENGTH DATA ELEMENTS--GENERAL INFORMATION
fixed length control field 220902b |||||||| |||| 00| 0 eng d
020 ## - INTERNATIONAL STANDARD BOOK NUMBER
International Standard Book Number 978-81-8265-912-4
040 ## - CATALOGING SOURCE
Transcribing agency SBCL
082 ## - DEWEY DECIMAL CLASSIFICATION NUMBER
Classification number 894.812109
Item number SAC-M
100 ## - MAIN ENTRY--PERSONAL NAME
Personal name SATCHIDANANDAN
245 ## - TITLE STATEMENT
Title MALAYALA KAVITHA PATANANGAL (MALAYALAM)
Remainder of title THIRANJEDUTHA LEKHANANGAL
250 ## - EDITION STATEMENT
Edition statement 3rd
260 ## - PUBLICATION, DISTRIBUTION, ETC.
Place of publication, distribution, etc. KOZHIKODE
Name of publisher, distributor, etc. THE MATHRUBHUMI PRINTING AND PUBLISHING CO. LTD.
Date of publication, distribution, etc. 2014
300 ## - PHYSICAL DESCRIPTION
Extent 423p.
500 ## - GENERAL NOTE
General note PD ACCOUNT
630 ## - SUBJECT ADDED ENTRY--UNIFORM TITLE
General subdivision GENERAL STACK
650 ## - SUBJECT ADDED ENTRY--TOPICAL TERM
Topical term or geographic name entry element MALAYALAM LITERATURE
942 ## - ADDED ENTRY ELEMENTS (KOHA)
Koha item type BOOK
650 ## - SUBJECT ADDED ENTRY--TOPICAL TERM
Source of heading or term LITERATURE
Form subdivision MALAYALAM POETRY
General subdivision STUDY OF MALAYALAM POETRY
Holdings
Withdrawn status Lost status Source of classification or shelving scheme Damaged status Not for loan Home library Current library Date acquired Cost, normal purchase price Total Checkouts Full call number Barcode Shelving location Date last seen Date last checked out Price effective from Koha item type
    Dewey Decimal Classification     SB LIBRARY SB LIBRARY 02/09/2022 325.00 2 894.812109 SAC-M 141899 GENERAL STACK 06/10/2025 29/09/2025 02/09/2022 BOOK

Powered by Koha